01091caa a22001812a 4500001000900000003001100009008004300020100002000063245004800083300001600131500012700147773010800274773010800382773010800490773010900598773010100707773010100808 006160 AR-FADEU 311216n########xxu####################dd aDavitz, Joel R. aLa comunicación del significado emocional aPP. 107-126 aEn: Comunicación y cultura. Tomo III: Semántica y pragmática / Alfred G. Simith. Buenos Aires : Nueva Visión, 19770 07314aSmith, Alfred G., comp.bdBuenos Aireso6214tComunicación y culturaw( AR-FADEU) 001476xz0 07314aSmith, Alfred G., comp.bdBuenos Aireso6216tComunicación y culturaw( AR-FADEU) 001476xz0 07314aSmith, Alfred G., comp.bdBuenos Aireso5131tComunicación y culturaw( AR-FADEU) 001476xz0 07314aSmith, Alfred G., comp.bdBuenos Aireso20115tComunicación y culturaw( AR-FADEU) 001476xz0 08086aSmith, Alfred G.bdBuenos Aireso6213tComunicación y culturaw( AR-FADEU) 002252xz0 08086aSmith, Alfred G.bdBuenos Aireso6215tComunicación y culturaw( AR-FADEU) 002252xz